| 000 | 00407nam a2200169Ia 4500 | ||
|---|---|---|---|
| 008 | 230711s9999||||xx |||||||||||||| ||und|| | ||
| 020 | _a978-81-85749-10-5 | ||
| 041 | _aENG | ||
| 082 |
_a620.11 _bRA-M |
||
| 100 | _aRajput,R.K | ||
| 245 | 0 | _aMaterial science for polytechnics | |
| 250 | _a4th Ed. | ||
| 260 |
_c2014 _aNew Delhi _bS.K Kataria & Sons |
||
| 300 | _a338p. | ||
| 650 | _aPhysics | ||
| 942 | _cBK | ||
| 999 |
_c5773 _d5773 |
||